Tvorivá činnosť v podmienkach SZVD Seminár

Na minha lista:
Detalhes bibliográficos
Formato: Livro
Idioma:eslovaco
Publicado em: Bratislava Dom techn. ČSVTS 1989
Edição:1. vyd.
Tags: Adicionar Tag
Sem tags, seja o primeiro a adicionar uma tag!

MARC

LEADER 00000nam a2200000 4500
001 c033661
005 20221215071724.1
041 0 |a slo 
044 |a SK 
245 1 0 |a Tvorivá činnosť v podmienkach SZVD  |b Seminár 
250 |a 1. vyd. 
264 1 |a Bratislava  |b Dom techn. ČSVTS  |c 1989 
300 |a 49 s.